000 005880000a22001810004500
003 MACL
005 20160120132041.0
008 160120b xxu||||| |||| 00| 0 eng d
040 _aMACL
_cMACL
041 _aHindi
082 _a150/BHA
100 _aडॉ महेश भार्गव
_933617
245 _aआधुनिक मनोवैज्ञानिक परीक्षण एवं मापन
260 _bएच पी भार्गव बुक हाउस
_c2001
_aआगरा
350 _a160
650 _aPsychology
_933618
942 _cHIN
_k150/BHA
_2ddc
999 _c30759
_d30759